Statistiken für Länder, die Alaska am Nächsten Liegen

Klicken Sie hier um das Quiz zu spielen!

Allgemein

  • Dieses Quiz wurde 1,810 mal gespielt
  • Das Durchschnittsergebnis liegt bei 14 aus 20

Antwortstatistiken

Km Land % Korrekt
0Kanada
99%
4Russland
98%
2195Japan
93%
2677China
93%
3291Nordkorea
89%
3703Südkorea
88%
2689Mexiko
87%
2135Dänemark (Grönland)
85%
3740Mongolei
79%
4163Island
76%
4170Norwegen
74%
4407Schweden
73%
4289Finnland
71%
5169Vereinigtes Königreich
65%
5200Taiwan
62%
5226Kuba
57%
4940Frankreich
(St Pierre & Miquelon)
52%
5165Bahamas
48%
5251Mikronesien
21%
4644Marshallinseln
15%

Verteilung der Resultate

Perzentil nach korrekt beantworteten Fragen

Anzahl Personen mit jedem Resultat

Ihre Resultats-Entwicklung

Sie haben dieses Quiz noch nicht gespielt